000 00650nam a2200289Ia 4500
005 20260324145409.0
008 008 260324s9999 xx 000 0 eng d
020 _a9781315802916
037 _aEBOOK
040 _aCRL
040 _beng
040 _cCRL
041 _2eng
041 _aeng
084 _qCRL
100 _aI. Katz
_91222818
245 0 _aStigma
245 2 _bA Social Psychological Analysis
260 _bTaylor and Francis
260 _c1982
365 _a
365 _b230
856 _uhttp://www.taylorfrancis.com/books/9781315802916
942 _cEBOOK
999 _c1830672
_d1830672